UM Logo

Physics demystified / (Record no. 6053)

MARC details
000 -LEADER
fixed length control field 00545nam a2200169 4500
008 - FIXED-LENGTH DATA ELEMENTS--GENERAL INFORMATION
fixed length control field 161217b xxu||||| |||| 00| 0 eng d
020 ## - INTERNATIONAL STANDARD BOOK NUMBER
International Standard Book Number 0071382011 (pbk. : acid-free paper)
082 ## - DEWEY DECIMAL CLASSIFICATION NUMBER
Edition number 2002
Classification number DC 530.15
Item number G35p
100 ## - MAIN ENTRY--PERSONAL NAME
9 (RLIN) 18347
Personal name Gibilisco, Stan
245 ## - TITLE STATEMENT
Title Physics demystified /
Statement of responsibility, etc. Stan Gibilisco.
260 ## - PUBLICATION, DISTRIBUTION, ETC. (IMPRINT)
Place of publication, distribution, etc. New York :
Name of publisher, distributor, etc. McGraw-Hill,
Date of publication, distribution, etc. c2002.
300 ## - PHYSICAL DESCRIPTION
Extent xiv, 599 pages :
Other physical details illustrations ;
Dimensions 24 cm
500 ## - GENERAL NOTE
General note Includes bibliographical references and index
650 #0 - SUBJECT ADDED ENTRY--TOPICAL TERM
9 (RLIN) 18348
Topical term or geographic name as entry element Physics
365 ## - TRADE PRICE
Price amount 650.00
Currency code Php
942 ## - ADDED ENTRY ELEMENTS (KOHA)
Source of classification or shelving scheme Dewey Decimal Classification
Koha item type Circulation
Holdings
Withdrawn status Lost status Source of classification or shelving scheme Damaged status Not for loan Collection code Home library Current library Shelving location Date acquired Source of acquisition Cost, normal purchase price Total Checkouts Full call number Barcode Date last seen Date last checked out Price effective from Koha item type
    Dewey Decimal Classification     Circulation UM Digos College - LIC UM Digos College - LIC Book Cart 08/30/2003 Purchased 650.00 3 DC 530.15 G35p 2002 17599 05/15/2025 09/21/2019 12/17/2016 Circulation